Metodické poznatky z výskumu zdravotného uvedomenia v prevencii neuróz /

Hlavní autor: Balážová, Eva
Jazyk: Slovenština
Vydáno: Bratislava : Slov. ústav zdrav. osvety, 1965
Vydání: 1. vyd.
Edice: Metodické príručky
Témata:
Fyzický popis: 39 s. : il. ; 8°
Knihy
Uloženo v:
LEADER 01046nam a22003132a 4500
001 001627203
003 CZ BrMZK
005 20180614141728.0
007 ta
008 180503s1965 xo er|||||||||||slo d
040 |a ABA001  |b cze  |d ABA001  |d BOA001 
072 7 |a 616  |x Patologie. Klinická medicína  |2 Konspekt  |9 14 
080 |a 616.891  |2 MRF 
080 |a 616-084  |2 MRF 
080 |a (041)  |2 MRF 
100 1 |a Balážová, Eva  |4 aut 
245 1 0 |a Metodické poznatky z výskumu zdravotného uvedomenia v prevencii neuróz /  |c Eva Balážová 
250 |a 1. vyd. 
260 |a Bratislava :  |b Slov. ústav zdrav. osvety,  |c 1965 
300 |a 39 s. :  |b il. ;  |c 8° 
490 1 |a Metodické príručky ;  |v zv. 23 
650 0 7 |a neurózy  |7 ph123269  |2 czenas 
650 0 7 |a prevence onemocnění  |7 ph137258  |2 czenas 
655 7 |a brožury  |7 fd131925  |2 czenas 
830 0 |a Metodické príručky 
910 |a BOA001  |b X-0537.879 
990 |a BK 
991 |b 201804 
996 7 |b 2618934291  |c X-0537.879  |l MZK  |r Sklad / do 24 hodin  |n 0  |w 001662880  |u 000010  |a 1  |e BOA001  |j MZK50  |s A